Konjunktura Počítače

Podiel jednotlivých regiónov sveta na celosvetovom odbyte počítačov. Tempo rastu predaja na západoeurópskom trhu, porovnanie so svetom. Budúci vývoj odbytu počítačov v USA do r.1999. Spomalenie medziročného rastu predaja počítačov na svetovej úrovni v r.1994-1999. Európsky trh od r.1992-1995.

Na minha lista:
Detalhes bibliográficos
Formato: Capítulo de Livro
Idioma:tcheco
Assuntos:
Tags: Adicionar Tag
Sem tags, seja o primeiro a adicionar uma tag!

MARC

LEADER 00000naa a2200000 4500
001 r019357
005 20221208131427.3
041 0 |a cze 
044 |a CZ 
245 1 0 |a Konjunktura  |b Počítače 
520 |a Podiel jednotlivých regiónov sveta na celosvetovom odbyte počítačov. Tempo rastu predaja na západoeurópskom trhu, porovnanie so svetom. Budúci vývoj odbytu počítačov v USA do r.1999. Spomalenie medziročného rastu predaja počítačov na svetovej úrovni v r.1994-1999. Európsky trh od r.1992-1995. 
610 2 0 |a počítače 
610 2 0 |a počítače osobné 
610 2 0 |a trh svetový 
610 2 0 |a odbyt 
610 2 0 |a výroba 
610 2 0 |a porovnanie štatistické medzinárodné 
610 2 0 |a západná Európa 
610 2 0 |a východná Európa 
610 2 0 |a USA 
610 2 0 |a Ázia 
610 2 0 |a Japonsko 
610 2 0 |a prognózy 
610 2 0 |a 1994-1999